Pozycja Personal Name
Liczba rekordów, w których użyto hasła: 1
001 - Numer kontrolny
- control field: 40440
003 - Identyfikator numeru kontrolnego
- control field: NUKAT
005 - Data i czas ostatniej modyfikacji
- control field: 20260423215134.0
008 - Dane kontrolne kodowane (40 znaków)
- fixed length control field: 991130n||a|znnaabn |a aaa |c
010 ## - Numer kontrolny Biblioteki Kongresu
- numer kontrolny LC: n 99068440
024 7# - OTHER STANDARD IDENTIFIER
- Standard number or code: 163631125
- Source of number or code: viaf
024 7# - OTHER STANDARD IDENTIFIER
- Standard number or code: 0000000112325441
- Source of number or code: isni
024 7# - OTHER STANDARD IDENTIFIER
- Standard number or code: Q11765414
- Source of number or code: wikidata
040 ## - Instytucja sporządzająca rekord
- inst. przygot. dane do rek. khw: KR U/bs
- język haseł przedmiotowych/tezaurus: kaba
- inst. wprow. rek. khw: KR U/bs
- inst. modyf. rek. khw: KIEL 010/HLs
- inst. modyf. rek. khw: POZN U/AnK
- inst. modyf. rek. khw: WR O/PC
100 1# - Hasło - nazwa osobowa
- nazwa osobowa w formie ujednoliconej: Brodowicz, Maciej Józef
- daty biograficzne: (1790-1885).
400 1# - Trop zob. - nazwa osobowa
- nazwa osobowa (nazwisko, imiona): Brodowicz, M. J.
400 0# - Trop zob. - nazwa osobowa
- nazwa osobowa (nazwisko, imiona): M. J. B. [a]
400 0# - Trop zob. - nazwa osobowa
- nazwa osobowa (nazwisko, imiona): J. B. [a]
400 1# - Trop zob. - nazwa osobowa
- nazwa osobowa (nazwisko, imiona): Brodowicz, J.
400 1# - Trop zob. - nazwa osobowa
- nazwa osobowa (nazwisko, imiona): Brodowicz, Józef.
400 1# - Trop zob. - nazwa osobowa
- nazwa osobowa (nazwisko, imiona): Brodowicz, Józef Maciej.
670 ## - Źródło informacji
- źródło informacji: Kp. Kwiatki polne / [M. J. B.]. - Kraków, 1884.
670 ## - Źródło informacji
- źródło informacji: BP'1901-1939 (maszynopis)
670 ## - Źródło informacji
- źródło informacji: PseudPP. - 1996
670 ## - Źródło informacji
- źródło informacji: PSB
670 ## - Źródło informacji
- źródło informacji: Kp. Żywot Jędrzeja Badurskiego / skreślony przez J. Brodowicza. - Kraków, 1839.
670 ## - Źródło informacji
- źródło informacji: Estr. XIX, t. 1, s. 150
- gdzie znaleziono informację: (Brodowicz Józef Maciej)
670 ## - Źródło informacji
- źródło informacji: pl.wikipedia, 6.05.2016
670 ## - Źródło informacji
- źródło informacji: BNPol online